00254nam a2200109Ia 4500008004100000100001700041245002800058260002000086260000900106546001200115999001700127170619s9999 xx 000 0 und d aHurlock- E B 0aPersonality development bNew Delhi T M H c2006 aENGLISH c22199d22199